书目信息 |
| 题名: |
空间数据分析方法
|
|
| 作者: | 王远飞, , 何洪林 编著 | |
| 分册: | ||
| 出版信息: | 北京 科学出版社 2007.06 |
|
| 页数: | 243页 | |
| 开本: | 24cm | |
| 丛书名: | ||
| 单 册: | ||
| 中图分类: | P208 | |
| 科图分类: | ||
| 主题词: | 地理信息系统--di li xin xi xi tong--高等学校--教材 | |
| 电子资源: | ||
| ISBN: | 978-7-03-018966-0 | |
| 000 | 00910nam0 2200253 450 | |
| 001 | 012007693261 | |
| 005 | 20070920162144.23 | |
| 010 | @a978-7-03-018966-0@dCNY24.00 | |
| 100 | @a20070821d2007 km y0chiy0120 ea | |
| 101 | 0 | @achi |
| 102 | @aCN@b110000 | |
| 105 | @aak a 000yy | |
| 200 | 1 | @a空间数据分析方法@Akong jian shu ju fen xi fang fa@f王远飞, 何洪林编著@Fwang yuan fei,he hong lin bian zhu |
| 210 | @a北京@c科学出版社@d2007.06 | |
| 215 | @a243页@c图@d24cm | |
| 300 | @a21世纪高等院校教材 | |
| 320 | @a有书目 (第240-243页)。 | |
| 330 | @a本书较全面地介绍了空间数据的分析方法,在系统介绍究竟分析的概念、内容、结构体系和研究进展的基础上,对究竟数据的性质进行了探讨。 | |
| 606 | 0 | @a地理信息系统@Adi li xin xi xi tong@x高等学校@j教材 |
| 690 | @aP208@v4 | |
| 701 | 0 | @a王远飞,@Awang yuan fei@f1963- @4编著 |
| 701 | 0 | @a何洪林@Ahe hong lin@4编著 |
| 801 | 0 | @aCN@c20070920 |
| 905 | @dP208@eW441 | |
| 空间数据分析方法/王远飞, 何洪林编著.-北京:科学出版社,2007.06 |
| 243页:图;24cm |
| 21世纪高等院校教材 |
| ISBN 978-7-03-018966-0:CNY24.00 |
| 本书较全面地介绍了空间数据的分析方法,在系统介绍究竟分析的概念、内容、结构体系和研究进展的基础上,对究竟数据的性质进行了探讨。 |
| ● |
| 相关链接 |
|
|
|
正题名:空间数据分析方法
索取号:P208/W441
 
预约/预借
| 序号 | 登录号 | 条形码 | 馆藏地/架位号 | 状态 | 备注 |
| 1 | 261438 | 202614386 | 社科二线400B/400B社科库 2排2列4层/ [索取号:P208/W441] | 在馆 | |
| 2 | 261439 | 202614395 | 社科二线400B/400B社科库 2排3列6层/ [索取号:P208/W441] | 在馆 | |
| 3 | 261440 | 202614402 | 测绘与城市空间信息学院资料室/ [索取号:P208/W441] | 在馆 |